| 000 | 00408nam a22001697a 4500 | ||
|---|---|---|---|
| 003 | OSt | ||
| 005 | 20260413094041.0 | ||
| 007 | 1462 pages | ||
| 008 | 260413b |||||||| |||| 00| 0 eng d | ||
| 020 | _a9788193328491 | ||
| 040 | _c | ||
| 082 |
_245 _a510 _bGRE |
||
| 245 |
_aHigher Engineering Mathematics _cGrewal,B.S |
||
| 250 | _a45 | ||
| 260 |
_bKhanna publishers _c1979 |
||
| 942 |
_2ddc _cBK _k510 _mGRE _n0 |
||
| 999 |
_c36337 _d36337 |
||